Літопис руський (Запис № 383565)
[ простий вигляд ]
| 000 -Лідер | |
|---|---|
| fixed length control field | 01966nam a22002777a 4500 |
| 001 - Контрольний номер | |
| control field | 97318 |
| 003 - Ідентифікатор контрольного номера | |
| control field | UA-OsUOA |
| 005 - Дата та час останнього входження (трансакції) | |
| control field | 20260421095558.0 |
| 007 - Фіксоване поле фізичного опису | |
| fixed length control field | ta |
| 008 - Елементи даних фіксованої довжини – загальна інформація | |
| fixed length control field | 20130327b un ||||| |||| 00| 0 ukr d |
| 020 ## - Міжнародний стандартний книжковий номер (ISBN) | |
| Міжнародний стандартний книжковий номер (ISBN) (НП) | 5308000522 |
| 040 ## - Джерело каталогізації | |
| Агенція оригінальної каталогізації | UA-OsUOA |
| Мова каталогізації | ukr |
| Агенція, яка здійснювала перезапис | UA-OsUOA |
| Агенція, яка здійснювала модифікацію | UA-OsUOA |
| 041 ## - Код мови | |
| Код мови тексту/ звукової доріжки чи окремого заголовка (П) | ukr |
| 080 ## - Індекс Універсальної десяткової класифікації | |
| Індекс Універсальної десяткової класифікації (УДК) (НП) | 94(477) |
| 090 ## - Локальний шифр розміщення | |
| Класифікаційний індекс УДК | 94(477) |
| Авторський знак (НП) | Л67 |
| 245 ## - Відомості про назву | |
| Назва (НП) | Літопис руський |
| Дані про відповідальність (НП) | відп. ред. О. В. Мишанич ; за іпатським списком пер. Леонід Махновець |
| 260 ## - Публікація, розповсюдження і т.п. (Вихідні дані) | |
| Місце публікації, розповсюдження і т.п. (П) | К. |
| Ім’я/ наймення видавництва, розповсюджувача і т.п. (П) | Дніпро |
| Дата публікації, розповсюдження і т.п. (П) | 1989 |
| 300 ## - Фізичний опис | |
| Обсяг | 591 с. |
| 490 ## - Область серії | |
| Назва серії | Давньоруські та давні українські літописи |
| 520 ## - Резюме і т.п. | |
| Резюме, реферат, анотація, тощо (НП) | "Літопис руський" - велетенська епопея про події всесвітньої історії та історії Давньої Русі від незапам’ятних часів до кінця XIII ст. Це - документальне першоджерело, де значуще кожне слово. Складається з "Повісті минулих літ", Київського літопису та Галицько-Волинського літопису. Переклад "Літопису руського" (з додатком творів Володимира Мономаха) українською мовою здійснено вперше. Книга містить фундаментальний науковий апарат, широко ілюстрована. Видання універсальне. Воно придатне і для наукової роботи, і для задоволення інтересу любителів рідної історії. |
| 650 #7 - Додаткове предметне введення – тематичний термін | |
| Тематичний термін чи географічна назва, як елемент введення (НП) | 94(477) Історія України |
| Джерело заголовка чи терміна | UDC |
| 9 (RLIN) | 40 |
| 700 1# - Додаткове введення – ім'я особи | |
| Ім’я особи (НП) | Мишанич О. В. |
| Термін відношення | ред. |
| 9 (RLIN) | 17485 |
| 942 ## - Додаткові елементи входу (Коха) | |
| Тип елемента Koha | Книги |
| Source of classification or shelving scheme | Universal Decimal Classification |
| 955 ## - Код типу видання за змістом | |
| Код типу видання за змістом (НП) | Навчальні видання |
| Стан вилучень | Стан втрат | Джерело класифікації або схеми стелажів | Стан уражень | Не для кредиту | Постійне місце розташування | Поточне розміщення | Дата придбання | Джерело придбання | Вартість, звичайна ціна покупки | Інвентарний номер | Усього замовленно | Повний номер виклику | Штрих-код | Дата останнього перегляду | Дата останньої перевірки | Ціна ефективна від | Тип елемента Koha | Код колекції | Вартість, ціна заміни |
|---|---|---|---|---|---|---|---|---|---|---|---|---|---|---|---|---|---|---|---|
| Universal Decimal Classification | АБ - Абонемент НБ | АБ - Абонемент НБ | 11/10/2017 | 38/2017 | 50.00 | 156216 | 94(477) Л67 | 156216 | 16/02/2023 | 27/03/2013 | Книги | Колекція Жулинського М.Г. | |||||||
| Universal Decimal Classification | АБ - Абонемент НБ | АБ - Абонемент НБ | 05/03/2026 | 08/02.03.2026 | 50.00 | 94(477) Л67 | 169473 | 05/03/2026 | 05/03/2026 | Книги | Колекція Шевчука Валерія | 50.00 | |||||||
| Universal Decimal Classification | Наукова бібліотека ІДУД | Наукова бібліотека ІДУД | 14/05/2014 | 311/2014 | 1.00 | 2135886 | 930.1/82-94 Л67 | 2135886 | 14/09/2019 | 14/05/2014 | Книги | ||||||||
| Universal Decimal Classification | ЧЗ - Читальна зала | ЧЗ - Читальна зала | 27/03/2013 | 17/2013 | 50.00 | 141934 | 1 | 94(477) Л67 | 141934 | 07/02/2022 | 05/09/2019 | 27/03/2013 | Книги | ||||||
| Universal Decimal Classification | ЧЗ - Читальна зала | ЧЗ - Читальна зала | 12/07/2017 | 29/2017 | 50.00 | 154027 | 1 | 94(477) Л67 | 154027 | 09/02/2022 | 30/08/2021 | 27/03/2013 | Книги |